000
00346 a2200169 4500
001
192524
020
_a
978-85-16-08487-5
040
_c
Magnum
100
_a
Govan, Nina
240
1
0
_a
Margô e mô
_l
por
245
1
0
_a
Margô e mô
300
_a
10
362
0
_a
2013
440
1
_a
Salamandra
697
_a
LITERATURA INFANTIL
942
_c
BK
999
_c
192524
_d
192524